000 01332nam a2200301Ia 4500
001 ebr10054986
003 CaPaEBR
006 m u
007 cr cn|||||||||
008 920429s1992 dcua sb 101 0 eng d
010 _z 92016341
020 _z0309045878
040 _aCaPaEBR
_cCaPaEBR
035 _a(OCoLC)57596406
050 1 4 _aRA1057.5
_b.N37 1992eb
082 0 4 _a614/.1
_220
110 2 _aNational Research Council (U.S.).
_bCommittee on DNA Technology in Forensic Science.
245 1 0 _aDNA technology in forensic science
_h[electronic resource] /
_cCommittee on DNA Technology in Forensic Science, Board on Biology, Commission on Life Sciences, National Research Council.
260 _aWashington, D.C. :
_bNational Academy Press,
_c1992.
300 _axiii, 185 p. :
_bill.
504 _aIncludes bibliographical references and index.
533 _aElectronic reproduction.
_bPalo Alto, Calif. :
_cebrary,
_d2011.
_nAvailable via World Wide Web.
_nAccess may be limited to ebrary affiliated libraries.
650 0 _aForensic genetics
_vCongresses.
650 0 _aDNA fingerprinting
_vCongresses.
655 7 _aElectronic books.
_2local
710 2 _aebrary, Inc.
856 4 0 _uhttp://site.ebrary.com/lib/rucke/Doc?id=10054986
_zAn electronic book accessible through the World Wide Web; click to view
999 _c165653
_d165653